|
|
|
|
| LEADER |
00000cam a2200000 i 4500 |
| 001 |
1/92515 |
| 008 |
080827s1963 gre d |
| 035 |
|
|
|l 10099656
|
| 040 |
|
|
|a GR-MY-UA
|b gre
|e aacr
|
| 041 |
0 |
|
|a gre
|
| 082 |
0 |
|
|a 050.9495
|2 (22)
|
| 100 |
1 |
|
|a Κωνσταντινίδης, Κ. Ν.,
|d 1885-1971.
|
| 245 |
1 |
2 |
|a Η ζωή της "Νέας Ζωής" /
|c Κ.Ν. Κωνσταντινίδη
|
| 260 |
|
|
|a Αλεξάνδρεια :
|b [χ.ό.],
|c 1963
|
| 300 |
|
|
|a 80 σ.;
|c 26 εκ.
|
| 610 |
2 |
0 |
|a Νέα Ζωή (Περιοδικό)
|
| 650 |
0 |
0 |
|a Greek periodicals
|x History.
|
| 650 |
0 |
0 |
|a Greek periodicals
|z Egypt
|x History.
|
| 852 |
|
|
|a INST
|b RHODES
|c AKA
|e 20080827
|h 050.9495 ΚΩΝ
|p 005400027444
|q 005400027444
|t BK
|y 0
|
| 901 |
|
|
|a BIBL4-2008-2
|
| 909 |
|
|
|a Ρ
|b 152799
|
| 970 |
|
|
|a ΧΑΡΙΟΠΟΛΙΤΟΥ
|b ΚΩΝΣΤΑΝΤΙΝΑ
|z 2008/08/27
|